000 00362nam a2200157Ia 4500
008 221030s9999 xx 000 0 und d
020 _a8174463402
041 _aEnglish
082 _a105.23
_bUbe
100 _aN. K. Uberoi
245 0 _aEnvironmental Management
260 _bExcel Books
_aNew Delhi
_c2003
300 _a414
650 _aManagement
942 _cBK
999 _c41
_d41